Aerospace Engineering Desk Reference / (Record no. 593868)
[ view plain ]
| 000 -LEADER | |
|---|---|
| fixed length control field | 00334nam a22001217a 4500 |
| 020 ## - INTERNATIONAL STANDARD BOOK NUMBER | |
| International Standard Book Number | 9781856175753 |
| 082 ## - DEWEY DECIMAL CLASSIFICATION NUMBER | |
| Classification number | 629.1 |
| Author Mark | COO |
| 100 ## - MAIN ENTRY--PERSONAL NAME | |
| Personal name | Cook, Michael |
| 9 (RLIN) | 37441 |
| 245 ## - TITLE STATEMENT | |
| Title | Aerospace Engineering Desk Reference / |
| Statement of responsibility, etc. | Michael Cook |
| 260 ## - PUBLICATION, DISTRIBUTION, ETC. | |
| Place of publication, distribution, etc. | USA : |
| Name of publisher, distributor, etc. | Elsevier; |
| Date of publication, distribution, etc. | 2009. |
| 300 ## - PHYSICAL DESCRIPTION | |
| Extent | vi, 675p. ' |
| Other physical details | Hardbinding : |
| Dimensions | 28cm. |
| 942 ## - ADDED ENTRY ELEMENTS (KOHA) | |
| Source of classification or shelving scheme | |
| Koha item type | Book |
| Withdrawn status | Lost status | Source of classification or shelving scheme | Damaged status | Not for loan | Permanent Location | Current Location | Shelving location | Date acquired | Full call number | Barcode | Date last seen | Price effective from | Koha item type |
|---|---|---|---|---|---|---|---|---|---|---|---|---|---|
| School of Mechanical & Manufacturing Engineering (SMME) | School of Mechanical & Manufacturing Engineering (SMME) | Aerospace Engineering | 03/20/2023 | 629.1 COO | SMME-4314 | 03/20/2023 | 03/20/2023 | Book |
